000 00488nam a2200181 a 4500
001 13695
005 20180713202111.0
008 140415d 000 0 eng d
041 _aeng
082 _a620.1
_bGER
100 1 _aGere, James M.,.
245 1 0 _aMECHANICS OF MATERIALS
250 _a3a ed.
260 _a[s.l.] :
_bCHAPMAN AND HALL,
_c[s.f.]
300 _a807
650 1 4 _aINGENIERIA
_xMATERIALES
_xMATERIALES
700 1 _aTIMOSHENKO, STEPHEN P.
_ecoaut.
999 _c13695
_d13695